MARC

LEADER 00000nam0a2200000 4500
001 296732
005 20231102000933.0
020 |a RU  |b 83-54846 
035 |a (RuTPU)RU\TPU\book\321840 
090 |a 296732 
100 |a 20150602d1983 km y0rusy5003 ca 
101 0 |a rus 
102 |a RU 
105 |a y g 001zy 
200 1 |a Справочник по финансированию общего среднего образования  |f В. Н. Усанов, М. И. Капитонова, В. И. Ерошин 
210 |a Москва  |c Финансы и статистика  |d 1983 
215 |a 360 с. 
320 |a Алфавитно-предметный указатель: с. 356-358 
606 1 |a Народное образование  |x Организация  |y В СССР  |y Россия  |2 stltpush  |3 (RuTPU)RU\TPU\subj\44880  |9 64156 
610 1 |a кретитование и финансирование 
610 1 |a финансирование 
610 1 |a среднее образование 
610 1 |a справочники 
610 1 |a сметное планирование 
610 1 |a сводное планирование 
610 1 |a сметы 
610 1 |a фонды заработной платы 
610 1 |a льготы 
610 1 |a финансово-хозяйственная деятельность 
610 1 |a проверки 
610 1 |a бюджетные учреждения 
686 |a Ч34(2)я2  |2 rubbk 
700 1 |a Усанов  |b В. Н.  |g Владимир Никитич  |4 070 
701 1 |a Капитонова  |b М. И.  |g Мария Ивановна 
701 1 |a Ерошин  |b В. И.  |g Владимир Иванович 
801 0 |a RU  |b RuMRKP  |c 19950704  |g psbo 
801 1 |a RU  |b 63413507  |c 20150602 
801 2 |a RU  |b 63413507  |c 20180511  |g RCR 
942 |c BK